Score 0/10 Timer 01:00
0 Plays Today
% Correct
Starbucks
90.7%
Amazon
81.4%
Microsoft
78.6%
Alaska Airlines
65.9%
American Seafoods
65.7%
Sporcle
64.4%
Costco Wholesale
62.8%
Nordstrom
60.9%
Expeditors International
60.7%
Paccar
44.8%

Today's Daily Dose

Remove Ads.
Support Sporcle.
Get the best of Sporcle when you Go Orange. This ad-free experience offers more features, more stats, and more fun while also helping to support Sporcle. Thank you for becoming a member.

You're not logged in!

Compare scores with friends on all Sporcle quizzes.
OR
Log In

Sporcle TV

Today on Sporcle TV


Watch our educational content, quiz creation guides, and fun videos on Sporcle TV.

Show Comments

Extras

Top Quizzes Today


Score Distribution

Paid Content

Your Account Isn't Verified!

In order to create a playlist on Sporcle, you need to verify the email address you used during registration. Go to your Sporcle Settings to finish the process.

Report this User

Report this user for behavior that violates our Community Guidelines.

Details: